01295nam a2200337 450000100030000000300040000300500170000700800410002402000180006504000080008304100130009108200170010410000230012124000210014424500740016525000190023926000330025830000110029149000370030250000710033952003760041065000250078665000100081165000200082165000190084165000100086065500120087065500160088270000220089883000370092088OSt20250528074011.0250123b |||||||d |||| 00| 1 eng d a9788501069993 bpor hengapor a028.5bC116p1 aCabot, Meg,d1967- aPrincess in pink aA princesa:bDe rosa-shocking /cCabot, Meg ; Tradução de Ana Ban a5° edição aRio de JaneirobRecordc2007 a300 p.1 aO diário da PrincesavLivro 05 aA Princesa de rosa-shocking Sequência de: A princesa à espera aEm A PRINCESA DE ROSA-SHOCKING, quinto volume da série O Diário da Princesa — que deu origem à superprodução dos Estúdios Disney estrelada por Julie Andrews e Anne Hathaway e um dos lançamentos mais vendidos pela Editora Record —, ela precisa convencer o namorado Michael a vestir um smoking, comprar um belo buquê e alugar uma limusine para o evento. 0aLiteratura Americana 0aHumor 0aAmor e Paixão 0aInfantojuvenil 0aFilme 0aRomance 0aFicção  aAna BaneTradutor aO diário da princesavLivro 05